Povinné zmluvné poistenie podnikateľov

Poistenie podnikateľov. Dve kategórie poistenia podnikateľov: poistenie zodpovednosti za škodu, poistenie majetku. Zákonné poistenie zodpovednosti za škodu podnikateľských subjektov. Vybrané poistné produkty v poistení podnikateľov. Životné poistenie. Členenie životných poistení podľa možnosti podie...

Ausführliche Beschreibung

Gespeichert in:
Bibliographische Detailangaben
1. Verfasser: Drugdová, Barbora
Format: Buchkapitel
Sprache:Slowakisch
Schlagworte:
Tags: Tag hinzufügen
Keine Tags, Fügen Sie das erste Tag hinzu!

MARC

LEADER 00000naa a2200000 4500
001 r034574
005 20230809075003.3
041 0 |a slo 
044 |a SK 
245 1 0 |a Povinné zmluvné poistenie podnikateľov  |c Barbora Drugdová 
520 |a Poistenie podnikateľov. Dve kategórie poistenia podnikateľov: poistenie zodpovednosti za škodu, poistenie majetku. Zákonné poistenie zodpovednosti za škodu podnikateľských subjektov. Vybrané poistné produkty v poistení podnikateľov. Životné poistenie. Členenie životných poistení podľa možnosti podielu na zisku. Členenie životných poistení v závislosti od počtu poistených osôb. Formy výplat poistných plnení. 
610 2 0 |a poistenie 
610 2 0 |a podnikatelia 
610 2 0 |a poistenie zmluvné 
610 2 0 |a poistenie zodpovednosti za škody 
610 2 0 |a poistenie životné 
610 2 0 |a poistenie majetku 
610 2 0 |a poistenie zákonné 
100 1 |a Drugdová, Barbora